000 00501nam a22001577a 4500
008 170424b xxu||||| |||| 00| 0 eng d
020 _a9711901854
082 _21995
_aDFil 899.2103
_bD15
100 _920116
_aDalisay, Jose Y., Jr.
245 _aPenmanship and other stories/
_cJose Y. Dalisay, Jr.
260 _aQuezon City:
_bCacho Pub. House,
_cc1995.
300 _a157 pages;
_c21 cm.
650 0 _920117
_aPhilippine literature.
650 0 _920118
_aShort stories (English).
942 _2ddc
_cDFIL
999 _c6643
_d6643